Historicizing "tradition" in the study of religion (Record no. 205283)

MARC details
000 -LEADER
fixed length control field 00757nam a2200241Ia 4500
008 - FIXED-LENGTH DATA ELEMENTS--GENERAL INFORMATION
fixed length control field 191130s2005##################000#0#eng##
020 ## - INTERNATIONAL STANDARD BOOK NUMBER
ISBN 9783110188752
082 ## - DEWEY DECIMAL CLASSIFICATION NUMBER
Classification number 206 ENG
245 ## - TITLE STATEMENT
Title Historicizing "tradition" in the study of religion
Statement of responsibility, etc edited by Steven Engler and Gregory P. Grieve
260 ## - PUBLICATION, DISTRIBUTION, ETC. (IMPRINT)
Place of publication Berlin
Name of publisher Walter de Gruyter
Year of publication c2005
300 ## - PHYSICAL DESCRIPTION
Number of Pages vii, 395 p. ; 24 cm
500 ## - GENERAL NOTE
General note Includes bibliographical references and indexes
650 ## - SUBJECT ADDED ENTRY--TOPICAL TERM
Topical Term Authority - Religious aspects
Topical Term Religious invention
Topical Term Tradition (Theology)
700 ## - ADDED ENTRY--PERSONAL NAME
Personal name Engler, Steven
Personal name Grieve, Gregory P
991 ## -
-- 80129
Holdings
Withdrawn status Lost status Damaged status Not for loan Home library Current library Shelving location Date acquired Full call number Accession Number Price effective from Koha item type
        Anna Centenary Library Anna Centenary Library 3RD FLOOR, B WING 13.10.2020 206 ENG 388748 13.10.2020 Books

Find us on the map